|
|
|
|
| LEADER |
00769nam a2200217 a 4500 |
| 001 |
c000131825 |
| 003 |
CARM |
| 005 |
19940917000000.0 |
| 008 |
940706s1939 enk 000 1 eng d |
| 019 |
1 |
|
|a 10354030
|5 LACONCORD2021
|
| 035 |
|
|
|a (OCoLC)221542405
|5 LACONCORD2021
|
| 040 |
|
|
|a ABN:1
|b eng
|c ABN:1
|d ABN:1
|
| 082 |
0 |
4 |
|a 823.912
|2 20
|
| 100 |
1 |
|
|a Sabatini, Rafael,
|d 1875-1950.
|
| 245 |
1 |
4 |
|a The lost king /
|c by Rafael Sabatini.
|
| 250 |
|
|
|a Cheap ed.
|
| 260 |
|
|
|a London :
|b Hutchinson,
|c 1939.
|
| 300 |
|
|
|a 415 p. ;
|c vi, 19 cm.
|
| 852 |
8 |
|
|b CARM
|h A2:AB03G0
|i A00836
|p 0104859
|f BK
|
| 999 |
f |
f |
|i be6b3a9c-6010-5c7d-be8e-397ef7960926
|s 44e5bac9-3d38-5988-adfa-e34ed4e4f2d5
|
| 952 |
f |
f |
|p Can circulate
|a CAVAL
|b CAVAL
|c CAVAL
|d CARM 1 Store
|e A00836
|f A2:AB03G0
|h Other scheme
|i book
|m 0104859
|